[Event "AUTO-INT-3939"]
[Site "http://www.queenalice.com/game.php?id=1860137"]
[Date "2025.7.18"]
[Round "1"]
[White "caradepau"]
[Black "Ruusgugg"]
[Result "1-0"]
[WhiteElo "1633"]
[BlackElo "1299"]

1. e4 c5 2. Bc4 e5 3. d3 a6 4. a3 b5 5. Ba2 b4 6. Qf3 f6 7. axb4 cxb4 8. Bd5 Nc6
9. Qh5+ g6 10. Qf3 Nd4 11. Qd1 Rb8 12. Nf3 Nxf3+ 13. Qxf3 Ne7 14. Bb3 f5 15. O-O
h6 16. exf5 Nxf5 17. Qe4 Bg7 18. Qd5 Rb6 19. Qf7# 1-0

[Event "AUTO-INT-3941"]
[Site "http://www.queenalice.com/game.php?id=1861271"]
[Date "2025.8.7"]
[Round "1"]
[White "game"]
[Black "caradepau"]
[Result "1-0"]
[WhiteElo "1647"]
[BlackElo "1710"]

1. e4 e5 2. Nf3 Nc6 3. Bc4 Bc5 4. d3 h6 5. Nc3 a6 6. Na4 Ba7 7. Be3 Bxe3 8. fxe3
d6 9. Qe2 Nf6 10. O-O-O b5 11. Bxf7+ Kxf7 12. Nc3 Bg4 13. h3 Be6 14. d4 exd4 15.
exd4 Nb4 16. Qd2 Nxa2+ 17. Kb1 Nxc3+ 18. bxc3 Nxe4 19. Qf4+ Qf6 20. Qxe4 Rae8
21. Qb7 Re7 22. Rhf1 Bc4 23. Rf2 Qf5 24. Ng5+ Kg6 25. Rxf5 Kxf5 26. Nf3 g5 27.
d5 Be2 28. Re1 Rhe8 29. Nd4+ Kg6 30. Qxa6 c5 31. Qxd6+ Kh5 32. Nf5 Re4 33. Ng7+
Kh4 34. Nxe8 Rxe8 35. Qg6 Bh5 36. Re4+ Rxe4 37. Qxe4+ Kg3 38. d6 b4 39. cxb4
cxb4 40. d7 g4 41. d8=Q gxh3 42. gxh3 Kxh3 43. Qdh4# 1-0

[Event "AUTO-INT-3941"]
[Site "http://www.queenalice.com/game.php?id=1861272"]
[Date "2025.8.7"]
[Round "1"]
[White "caradepau"]
[Black "game"]
[Result "1/2-1/2"]
[WhiteElo "1651"]
[BlackElo "1718"]

1. e4 d6 2. Bc4 Nc6 3. a3 Nf6 4. d3 e5 5. h3 Bd7 6. Nf3 Nd4 7. Nxd4 exd4 8. Bf4
c5 9. O-O Qb6 10. Ra2 Be6 11. Bxe6 fxe6 12. e5 Nd5 13. Qg4 h5 14. Qxe6+ Ne7 15.
Nd2 Rd8 16. exd6 g6 17. Re1 Rh7 18. Nc4 Qa6 19. Qxg6+ Rf7 20. Ne5 Nxg6 21. Nxf7+
Kxf7 22. Bh2 1/2-1/2